|
|
|
|
| LEADER |
01224nab#a2200421#ar4500 |
| 001 |
000093921 |
| 003 |
SVKKK |
| 005 |
20090218093112.0 |
| 008 |
090216d1903 xo |||||||||||||||b|hun |
| FMT |
|
|
|
| 038 |
|
|
|a SVKKK
|
| 040 |
|
|
|a SVKKK
|b slo
|e AACR2
|
| 041 |
0 |
|
|a hun
|
| 044 |
|
|
|a xo
|c SK
|
| 080 |
|
|
|a 264-091
|2 1997
|
| 080 |
|
|
|a 282
|2 1997
|
| 100 |
1 |
|
|a (Dr. H.) [= Hohenauer, Ignác]
|d 1833-1915
|4 aut
|
| 242 |
1 |
0 |
|a Vianoce
|c (Dr. H.)
|y slo
|
| 245 |
1 |
0 |
|a Karácsony
|c (Dr. H.)
|
| 500 |
|
|
|a Ex 72/ Ba 09
|
| 500 |
|
|
|a Dohľadanie
|
| 520 |
|
|
|a Úvodník z pera regionálneho autora venovaný cirkevnému sviatku Vianoc
|
| 600 |
1 |
4 |
|a Hohenauer, Ignác
|d 1833-1915
|x novinár, pedagóg
|z Budapest (Maďarsko)
|x rodák
|z Košice (Slovensko)
|x pôsobenie, úmrtie
|
| 650 |
0 |
4 |
|a vianočné sviatky
|x úvodník
|z Košice (Slovensko)
|z 1906
|
| 655 |
|
4 |
|a hungariká
|
| 773 |
0 |
|
|t Felsőmagyarország
|g Roč. 19, č. 294 (25.12.1903), s. 1
|
| 957 |
|
|
|a DG
|
| 957 |
|
|
|a HU
|
| 957 |
|
|
|a NT
|
| 958 |
|
|
|a Košice
|
| 958 |
|
|
|a Budapešť
|
| 992 |
|
|
|a RBX
|
| 997 |
|
|
|a (Dr. H.) p. Hohenauer, Ignác
|d Kassa p. Košice
|4 aut
|
| 997 |
|
|
|d Budapešť (HU)
|
| BAS |
|
|
|
| 852 |
|
|
|a SVKKK
|b BIB
|
| EXP |
|
|
|
| 998 |
|
|
|a RETRO
|